Т. 3 : Таблицы рисунков и микрофотографий спор, пыльцы и других растительных микрофоссилий из отложений верхнего докембрия-плейстоцена СССР; Палеопалинология

書誌詳細
Parent link:Палеопалинология/ Всесоюзный научно-исследовательский геологический институт (ВСЕГЕИ). Т. 3 : Таблицы рисунков и микрофотографий спор, пыльцы и других растительных микрофоссилий из отложений верхнего докембрия-плейстоцена СССР.— , 1966-
言語:ロシア語
出版事項: Недра, 1966
主題:
フォーマット: MixedMaterials 図書
KOHA link:https://koha.lib.tpu.ru/cgi-bin/koha/opac-detail.pl?biblionumber=209553

MARC

LEADER 00000nam2a2200000 4500
001 209553
005 20231031191823.0
035 |a (RuTPU)RU\TPU\book\228888 
090 |a 209553 
100 |a 20120213d1966 k y0rusy50 ca 
101 0 |a rus 
102 |a RU 
105 |a a z 000zy 
200 0 |a Т. 3 : Таблицы рисунков и микрофотографий спор, пыльцы и других растительных микрофоссилий из отложений верхнего докембрия-плейстоцена СССР 
210 |c Недра  |d 1966 
215 |a 366 с.  |c ил. 
461 1 |0 (RuTPU)RU\TPU\book\231836  |t Палеопалинология  |f Всесоюзный научно-исследовательский геологический институт (ВСЕГЕИ)  |v Т. 3 : Таблицы рисунков и микрофотографий спор, пыльцы и других растительных микрофоссилий из отложений верхнего докембрия-плейстоцена СССР  |d 1966-  |s Труды Всесоюзного научно-исследовательского геологического института ; Вып. 141 
610 1 |a палеопалинология 
610 1 |a споры 
610 1 |a пыльца 
610 1 |a микрофоссилии 
610 1 |a докембрий 
675 |a 561  |v 3 
801 1 |a RU  |b 63413507  |c 20120213 
801 2 |a RU  |b 63413507  |c 20170517  |g RCR 
942 |c BK